000
00246 a2200085 4500
020
_a
9780500237069
100
_a
Wolfsonian Foundation
245
_a
Designing Modernity: The Arts of Reform and Persuasion 1885-1945
260
_b
Thames & Hudson
_c
1999
999
_c
13400
_d
13400